<?xml version="1.0" encoding="UTF-8"?>
<collection xmlns="http://www.loc.gov/MARC21/slim">
<record>
  <controlfield tag="001">161664</controlfield>
  <controlfield tag="005">20251017144605.0</controlfield>
  <datafield tag="024" ind1="7" ind2=" ">
    <subfield code="2">doi</subfield>
    <subfield code="a">10.5944/etfiii.38.2025.42726</subfield>
  </datafield>
  <datafield tag="024" ind1="8" ind2=" ">
    <subfield code="2">sideral</subfield>
    <subfield code="a">144316</subfield>
  </datafield>
  <datafield tag="037" ind1=" " ind2=" ">
    <subfield code="a">ART-2025-144316</subfield>
  </datafield>
  <datafield tag="041" ind1=" " ind2=" ">
    <subfield code="a">spa</subfield>
  </datafield>
  <datafield tag="100" ind1=" " ind2=" ">
    <subfield code="a">De la Torre Gonzalo, Sandra</subfield>
    <subfield code="u">Universidad de Zaragoza</subfield>
    <subfield code="0">(orcid)0000-0002-5474-0050</subfield>
  </datafield>
  <datafield tag="245" ind1=" " ind2=" ">
    <subfield code="a">Financieros al servicio de la guerra. La gestión de la ayuda aragonesa a la armada de Cerdeña en 1409</subfield>
  </datafield>
  <datafield tag="260" ind1=" " ind2=" ">
    <subfield code="c">2025</subfield>
  </datafield>
  <datafield tag="506" ind1="0" ind2=" ">
    <subfield code="a">Access copy available to the general public</subfield>
    <subfield code="f">Unrestricted</subfield>
  </datafield>
  <datafield tag="520" ind1="3" ind2=" ">
    <subfield code="a">Los monarcas aragoneses del final de la Edad Media debieron solicitar a los representantes de sus territorios reunidos en Cortes la financiación de su proyecto mediterráneo. En este trabajo nos ocupamos de un caso en el que Martín I eludió este mecanismo y negoció en Aragón acuerdos puntuales para financiar la última gran armada sobre Cerdeña (1409). De manera singular, cedió la administración de estas cuantías a Benvenist de la Caballería y Ramón de Casaldáguila, dos grandes financieros asentados en Zaragoza acreedores de las instituciones aragonesas. Esta transferencia de la gestión de la fiscalidad extraordinaria es muestra de la inclusión de un sector financiero dentro del sistema de poder de la Corona de Aragón a través de su intervención en la administración real. Un cuadernillo de cuentas permite además el análisis de las redes de capital humano movilizadas por la cooperación entre un judío y un cristiano, así como los mecanismos financieros para la obtención de liquidez en un momento crítico, tras las quiebras de las grandes bancas privadas.</subfield>
  </datafield>
  <datafield tag="540" ind1=" " ind2=" ">
    <subfield code="9">info:eu-repo/semantics/openAccess</subfield>
    <subfield code="a">by-nc</subfield>
    <subfield code="u">https://creativecommons.org/licenses/by-nc/4.0/deed.es</subfield>
  </datafield>
  <datafield tag="655" ind1=" " ind2="4">
    <subfield code="a">info:eu-repo/semantics/article</subfield>
    <subfield code="v">info:eu-repo/semantics/publishedVersion</subfield>
  </datafield>
  <datafield tag="710" ind1="2" ind2=" ">
    <subfield code="1">3012</subfield>
    <subfield code="2">485</subfield>
    <subfield code="a">Universidad de Zaragoza</subfield>
    <subfield code="b">Dpto. Historia</subfield>
    <subfield code="c">Área Historia Medieval</subfield>
  </datafield>
  <datafield tag="773" ind1=" " ind2=" ">
    <subfield code="g">38 (2025), 889-920</subfield>
    <subfield code="p">Espac. tiempo forma, Ser. III Hist. mediev.</subfield>
    <subfield code="t">Espacio, tiempo y forma. Serie III, Historia medieval</subfield>
    <subfield code="x">2340-1362</subfield>
  </datafield>
  <datafield tag="856" ind1="4" ind2=" ">
    <subfield code="s">473370</subfield>
    <subfield code="u">http://zaguan.unizar.es/record/161664/files/texto_completo.pdf</subfield>
    <subfield code="y">Versión publicada</subfield>
  </datafield>
  <datafield tag="856" ind1="4" ind2=" ">
    <subfield code="s">1433265</subfield>
    <subfield code="u">http://zaguan.unizar.es/record/161664/files/texto_completo.jpg?subformat=icon</subfield>
    <subfield code="x">icon</subfield>
    <subfield code="y">Versión publicada</subfield>
  </datafield>
  <datafield tag="909" ind1="C" ind2="O">
    <subfield code="o">oai:zaguan.unizar.es:161664</subfield>
    <subfield code="p">articulos</subfield>
    <subfield code="p">driver</subfield>
  </datafield>
  <datafield tag="951" ind1=" " ind2=" ">
    <subfield code="a">2025-10-17-14:15:03</subfield>
  </datafield>
  <datafield tag="980" ind1=" " ind2=" ">
    <subfield code="a">ARTICLE</subfield>
  </datafield>
</record>
</collection>